000 00294nam a2200109Ia 4500
008 231011s9999 xx 000 0 und d
041 _aeng
100 _aNicholas V Luppa
245 _aManagement Bay Quit and Other Uncensored Tactics
260 _bPitman Books Ltd California -
365 _b238
999 _c884280
_d884280